| 000 -LEADER |
| fixed length control field |
02055cas a2200529 a 4500 |
| 001 - CONTROL NUMBER |
| control field |
16020627 |
| 003 - CONTROL NUMBER IDENTIFIER |
| control field |
NUST |
| 005 - DATE AND TIME OF LATEST TRANSACTION |
| control field |
20210804100448.0 |
| 008 - FIXED-LENGTH DATA ELEMENTS--GENERAL INFORMATION |
| fixed length control field |
091211d19uu2009pk ar p f| 0eng |
| 010 ## - LIBRARY OF CONGRESS CONTROL NUMBER |
| LC control number |
2008329101 |
| 015 ## - NATIONAL BIBLIOGRAPHY NUMBER |
| National bibliography number |
014813815 |
| Source |
dnb |
| 016 7# - NATIONAL BIBLIOGRAPHIC AGENCY CONTROL NUMBER |
| Record control number |
873219--X |
| Source |
DE-600 |
| 016 7# - NATIONAL BIBLIOGRAPHIC AGENCY CONTROL NUMBER |
| Record control number |
014813815 |
| Source |
DE-101 |
| 016 7# - NATIONAL BIBLIOGRAPHIC AGENCY CONTROL NUMBER |
| Record control number |
873219x |
| Source |
DE-600 |
| 035 ## - SYSTEM CONTROL NUMBER |
| System control number |
(OCoLC)ocn477143054 |
| 038 ## - RECORD CONTENT LICENSOR |
| Staff Name |
waseem |
| 040 ## - CATALOGING SOURCE |
| Original cataloging agency |
DLC |
| Language of cataloging |
eng |
| Transcribing agency |
DLC |
| Modifying agency |
DLC |
| -- |
GBVCP |
| -- |
OCLCQ |
| -- |
OCLCF |
| -- |
DLC |
| -- |
OCLCA |
| 042 ## - AUTHENTICATION CODE |
| Authentication code |
pcc |
| 043 ## - GEOGRAPHIC AREA CODE |
| Geographic area code |
a-pk--- |
| 050 00 - LIBRARY OF CONGRESS CALL NUMBER |
| Classification number |
HF5686.B65 |
| Item number |
B355 |
| 082 ## - DEWEY DECIMAL CLASSIFICATION NUMBER |
| Classification number |
332.12 |
| Author Mark |
SBP |
| 245 00 - TITLE STATEMENT |
| Title |
Balance sheet analysis of joint stock companies listed at the Karachi Stock Exchange 2000-2005 / |
| Statement of responsibility, etc. |
Edited by State Bank of Pakistan |
| 260 ## - PUBLICATION, DISTRIBUTION, ETC. |
| Place of publication, distribution, etc. |
Karachi : |
| Name of publisher, distributor, etc. |
State Bank of Pakistan |
| 300 ## - PHYSICAL DESCRIPTION |
| Extent |
704 p. ; |
| Dimensions |
28 cm. |
| 310 ## - CURRENT PUBLICATION FREQUENCY |
| Current publication frequency |
Annual |
| 362 1# - DATES OF PUBLICATION AND/OR SEQUENTIAL DESIGNATION |
| Dates of publication and/or sequential designation |
Ceased with 2004/2009. |
| 563 ## - BINDING INFORMATION |
| Binding note |
PBK. |
| 588 ## - SOURCE OF DESCRIPTION NOTE |
| Source of description note |
Description based on: 1998/2003. |
| 588 ## - SOURCE OF DESCRIPTION NOTE |
| Source of description note |
Latest issue consulted: 2000/2005. |
| 590 ## - LOCAL NOTE (RLIN) |
| Local note |
Acquired via LC overseas office. Islamabad Field Office. Most recent issues may not yet be available in LC Washington. |
| 610 20 - SUBJECT ADDED ENTRY--CORPORATE NAME |
| Corporate name or jurisdiction name as entry element |
Karachi Stock Exchange |
| Form subdivision |
Periodicals. |
| 9 (RLIN) |
81165 |
| 610 27 - SUBJECT ADDED ENTRY--CORPORATE NAME |
| Corporate name or jurisdiction name as entry element |
Karachi Stock Exchange. |
| Source of heading or term |
fast |
| Authority record control number or standard number |
(OCoLC)fst00606754 |
| 9 (RLIN) |
81166 |
| 650 #0 - SUBJECT ADDED ENTRY--TOPICAL TERM |
| Topical term or geographic name entry element |
Stock companies |
| Geographic subdivision |
Pakistan |
| General subdivision |
Accounting |
| Form subdivision |
Periodicals. |
| 9 (RLIN) |
81167 |
| 650 #0 - SUBJECT ADDED ENTRY--TOPICAL TERM |
| Topical term or geographic name entry element |
Stock companies |
| Geographic subdivision |
Pakistan |
| Form subdivision |
Periodicals. |
| 9 (RLIN) |
81168 |
| 650 #7 - SUBJECT ADDED ENTRY--TOPICAL TERM |
| Topical term or geographic name entry element |
Aktiengesellschaft. |
| Source of heading or term |
stw |
| 9 (RLIN) |
81169 |
| 650 #7 - SUBJECT ADDED ENTRY--TOPICAL TERM |
| Topical term or geographic name entry element |
Bilanzanalyse. |
| Source of heading or term |
stw |
| 9 (RLIN) |
81170 |
| 650 #7 - SUBJECT ADDED ENTRY--TOPICAL TERM |
| Topical term or geographic name entry element |
Pakistan. |
| Source of heading or term |
stw |
| 650 #7 - SUBJECT ADDED ENTRY--TOPICAL TERM |
| Topical term or geographic name entry element |
Stock companies. |
| Source of heading or term |
fast |
| Authority record control number or standard number |
(OCoLC)fst01133550 |
| 9 (RLIN) |
81171 |
| 650 #7 - SUBJECT ADDED ENTRY--TOPICAL TERM |
| Topical term or geographic name entry element |
Stock companies |
| General subdivision |
Accounting. |
| Source of heading or term |
fast |
| Authority record control number or standard number |
(OCoLC)fst01133551 |
| 9 (RLIN) |
81172 |
| 651 #7 - SUBJECT ADDED ENTRY--GEOGRAPHIC NAME |
| Geographic name |
Pakistan. |
| Source of heading or term |
fast |
| Authority record control number or standard number |
(OCoLC)fst01210275 |
| 655 #7 - INDEX TERM--GENRE/FORM |
| Genre/form data or focus term |
Periodicals. |
| Source of term |
fast |
| Authority record control number |
(OCoLC)fst01411641 |
| 710 2# - ADDED ENTRY--CORPORATE NAME |
| Corporate name or jurisdiction name as entry element |
State Bank of Pakistan. |
| 9 (RLIN) |
81173 |
| 785 00 - SUCCEEDING ENTRY |
| Title |
Financial statements analysis of companies (non-financial) listed at Karachi Stock Exchange |
| Record control number |
(OCoLC)918065356 |
| -- |
(DLC) 2015326896 |
| 906 ## - LOCAL DATA ELEMENT F, LDF (RLIN) |
| a |
7 |
| b |
cbc |
| c |
serials |
| d |
3 |
| e |
ncip |
| f |
20 |
| g |
n-oclcserc |
| 942 ## - ADDED ENTRY ELEMENTS (KOHA) |
| Source of classification or shelving scheme |
|
| Koha item type |
Book |